Ricostruisci la Carriera del Calciatore - Bogdan Lobonț - Statistics

Statistiche generali
  • Questo quiz è stato fatto 5 volte
  • Il punteggio medio è 5 su 8
Statistiche sulle risposte
Hint Risposta % Corretto
1995-1997 Corvinul Hunedoara
100%
1997-2000 Rapid Bucarest
100%
2009-2018 Roma
100%
2002-2006 Ajax
50%
2001-2002 Dinamo Bucarest
50%
2006-2007 Fiorentina
50%
2000-2001 Ajax
0%
2007-2009 Dinamo Bucarest
0%
Nessun quiz corrispondente trovato
Distribuzione punteggi
Percentuale di utenti per punteggio
Percentile per numero di risposta
I tuoi punteggi nel tempo
Non hai fatto questo quiz